| 000 | 01310cam a2200349 a 4500 | ||
|---|---|---|---|
| 001 | 12268877 | ||
| 003 | NUST - PNEC | ||
| 005 | 20170116180847.0 | ||
| 008 | 010103s2000 enka b 001 0 eng d | ||
| 010 | _a 2001274028 | ||
| 015 | _aGBA0-59135 | ||
| 020 | _a0198564554 | ||
| 035 | _a(OCoLC)ocm44837250 | ||
| 040 |
_aEQO _cLIBRARY _dUKM _dDLC |
||
| 042 | _alccopycat | ||
| 050 | 0 | 0 |
_aQC331 _b.J66 2000 |
| 082 | 0 | 0 | _a536.3 JON |
| 100 | 1 |
_aJones, H. R. N. _q(Howard Richard Neil), _d1957- |
|
| 245 | 1 | 0 |
_aRadiation heat transfer / _cH.R.N. Jones. |
| 260 |
_aOxford ; _aNew York : _bOxford University Press, _c2000. |
||
| 300 |
_a86 p. : _bill. ; _c25 cm. |
||
| 440 | 0 |
_aOxford chemistry primers ; _v89 |
|
| 440 | 0 | _aOxford science publications | |
| 504 | _aIncludes bibliographical references (p. [84]) and index. | ||
| 650 | 0 |
_aHeat _xRadiation and absorption. _xME |
|
| 650 | 0 | _aHeat engineering. | |
| 856 | 4 | 1 |
_3Table of contents only _uhttp://www.loc.gov/catdir/enhancements/fy0611/2001274028-t.html |
| 856 | 4 | 2 |
_3Publisher description _uhttp://www.loc.gov/catdir/enhancements/fy0611/2001274028-d.html |
| 906 |
_a7 _bcbc _ccopycat _d2 _encip _f20 _gy-gencatlg |
||
| 942 |
_2ddc _cBK |
||
| 999 |
_c64493 _d64493 |
||